000 00595nam a22001577a 4500
003 0
005 20231106135823.0
008 221004b xxu||||| |||| 00| 0 eng d
050 _aHF5635
_b.L83 2022
100 _aHorhana D. Lucman
245 _aThe importance of bookkeeping practices and its role on the survivability and constraints of selected sari-sari stores in Barangay Ilang, Davao City
_cHorhana D. Lucman
260 _aLas Pinas City, Philippines
_bSouthville International School and Colleges
_cC2022
300 _ax,103pp.
_c28cm.
_fTheses
500 _aBookkeeping.
942 _2lcc
_cTH
999 _c364824
_d364824